American culture in the 1970s (Record no. 244330)

MARC details
000 -LEADER
fixed length control field 00817nam a2200241Ia 4500
008 - FIXED-LENGTH DATA ELEMENTS--GENERAL INFORMATION
fixed length control field 191130s2009##################000#0#eng##
020 ## - INTERNATIONAL STANDARD BOOK NUMBER
ISBN 9780748621422
082 ## - DEWEY DECIMAL CLASSIFICATION NUMBER
Classification number 206.097309047 KAU
100 ## - MAIN ENTRY--AUTHOR NAME
Personal name Kaufman, Will
245 ## - TITLE STATEMENT
Title American culture in the 1970s
Statement of responsibility, etc Will Kaufman
260 ## - PUBLICATION, DISTRIBUTION, ETC. (IMPRINT)
Place of publication Edinburgh
Name of publisher Edinburgh University Press
Year of publication c2009
300 ## - PHYSICAL DESCRIPTION
Number of Pages xxxi, 231 p. : ill. ; 24 cm
500 ## - GENERAL NOTE
General note Includes bibliographical references (p. [208]-224) and index
650 ## - SUBJECT ADDED ENTRY--TOPICAL TERM
Topical Term Nineteen seventies
Topical Term Popular culture - United States - History - 20th century
Topical Term United States - Civilization - 1970-
Topical Term United States - Social life and customs - 1971-
991 ## -
-- 77392
Holdings
Withdrawn status Lost status Damaged status Not for loan Home library Current library Shelving location Date acquired Full call number Accession Number Price effective from Koha item type
        Anna Centenary Library Anna Centenary Library 3RD FLOOR, B WING 13.10.2020 206.097309047 KAU 372103 13.10.2020 English Books

Find us on the map